000 00265nam a22001217a 4500
008 181015b xxu||||| |||| 00| 0 eng d
041 _aeng
080 _a820
100 _a22
101 _aGJL
245 _aCritical Survey of Drama
_cMagill,F.N
942 _2udc
_cBK
999 _c49729
_d49729